| 000 | 00436nam a2200181Ia 4500 | ||
|---|---|---|---|
| 001 | 18023 | ||
| 005 | 20260306171600.0 | ||
| 008 | 260306s9999||||xx |||||||||||||| ||und|| | ||
| 041 | _aESP | ||
| 082 |
_a658.3145 _bJ13 |
||
| 100 |
_aJacques, Josée _eAUT |
||
| 245 | 0 |
_aCómo trabajar en equipo: _bguía práctica |
|
| 260 | _c2007 | ||
| 300 |
_a91 páginas : _c21cm. |
||
| 650 | _aGEN | ||
| 654 | _aCAN | ||
| 942 |
_cLIB _dJUS _fJUS _2ddc _n |
||
| 999 |
_c18023 _d18023 |
||